000 01339nam a2200277 a 4500
001 78455
003 BD-RjUL
005 20211209083130.0
008 210923s2005 le a 00000 ara d
035 _a(BD-RjUL)78681
040 _aNN
_cNN
_dUkOxU
_beng
041 _aara
082 _223
_a892.71
_bOMR 2005
100 0 _aعمر خيام.;; Omar Khayyam.
_d1048-1131
_9248397
245 1 0 _aرباعيات عمر الخيام المصورة ;; Rubāʿīyāt ʿUmar al-Khayyām al-muṣawwarah /
_cتعريب أحمد الصافي النجفي ؛ تقديم محمد عزت نصر الله ؛ رسوم لأكبر التجويدي. ;; taʿrīb Aḥmad al-Ṣāfī al-Najafī ; taqdīm Muḥammad ʿIzzat Naṣr Allāh ; rusūm li-Akbar al-Tajwīdī.
260 _aIran :
_bالمشرق للثقافة والنشر,,
_c2005
300 _a141 p. :
_bill., col. plates ;
_c20 cm.
650 _aشعر عربي
_9246933
650 _aArabic poetry
_9248398
700 1 _aنجفي، أحمد الصافي.Ṣāfī al-Najafī, Aḥmad,
_d1897-
_9248399
700 1 _aنصر الله، محمد.;; Naṣr Allāh, Muḥammad ʿIzzat.
_9248402
700 1 _aتجويدي، أكبر.;;Tajwīdī, Akbar.
_9248401
942 _2ddc
_cBK
999 _c78455
_d78455